000 00308nam a2200133Ia 4500
008 140626s9999 xx 000 0 und d
100 _aOwens, Donna
245 _aBack to Work /
_cDonna Owens.
260 _cc2012.
300 _a57 : 11, page 49
440 _aHR Magazine
521 _aBSBA
942 _cSE
999 _c121498
_d121498